| 000 | 00440nam a2200145 i 4500 | ||
|---|---|---|---|
| 001 | bg | ||
| 100 | 1 |
_aCEGIELSKI, Edward _d(?-2005). |
|
| 245 | 1 | 0 |
_aWytrzymałość materiałów w zadaniach. _nT. 1, _pProblemy jednowymiarowe : wprowadzenie, przykłady / _cE. Cegielski. |
| 260 |
_aKraków, _c1988. |
||
| 040 | _cBPK | ||
| 041 | _apol | ||
| 080 | _a624.01/.07:539.3/.6](075.8)(076) | ||
| 942 | _cKS | ||
| 008 | s pl f |000 0 pol | ||
| 999 |
_c4024 _d4024 |
||
| 856 |
_uhttp://koha.tu.koszalin.pl/cgi-bin/koha/opac-detail.pl?biblionumber=4024 _yKatalog online BPK |
||